000 00938nam a22002417a 4500
003 BUBTL
008 230925b ||||| |||| 00| 0 eng d
020 _a9789849688617
041 _aben
082 _a342.5492/ N2392s/ 2022
100 _95480
_aনজরুল, আসিফ
245 _aসংবিধান বিতর্ক ১৯৭২ : গণপরিষদের রাষ্ট্রভাবনা /
_cআসিফ নজরুল
250 _a1st ed.
260 _aঢাকা :
_bপ্রথমা,
_cc2022
300 _a240 p. :
_c22 cm.
500 _aIncludes Index
505 _aসংবিধান বিতর্ক ১৯৭২ : গণপরিষদের রাষ্ট্রভাবনা,সংবিধান, ১৯৭২, আসিফ নজরুল
526 _aLaw
650 0 _926
_aLaw
856 _k0
_l0
_yDownload
942 _2ddc
_cBK
999 _c7098
_d7098